Světový systém a mezinárodní migrace: konceptualizace vzájemných vztahů
Medzinárodná migrácia a teória svetového systému. Štruktúra svetového systému a jej vzťah k medzinárodnej migrácii. Hierarchia svetového systému. Dynamika svetového systému a jej vzťah k medzinárodnej migrácii. Modely relácií medzi migráciou a svetovým systémom.
Salvato in:
| Autore principale: | |
|---|---|
| Natura: | Capitolo di libro |
| Lingua: | ceco |
| Soggetti: | |
| Tags: |
Nessun Tag, puoi essere il primo ad aggiungerne!!
|
MARC
| LEADER | 00000naa a2200000 4500 | ||
|---|---|---|---|
| 001 | 0117332 | ||
| 005 | 20231102121214.2 | ||
| 041 | 0 | |a cze | |
| 044 | |a SK | ||
| 245 | 1 | 0 | |a Světový systém a mezinárodní migrace: konceptualizace vzájemných vztahů |c Jan Kalenda |
| 520 | |a Medzinárodná migrácia a teória svetového systému. Štruktúra svetového systému a jej vzťah k medzinárodnej migrácii. Hierarchia svetového systému. Dynamika svetového systému a jej vzťah k medzinárodnej migrácii. Modely relácií medzi migráciou a svetovým systémom. | ||
| 610 | 2 | 0 | |a systém |
| 610 | 2 | 0 | |a svet |
| 610 | 2 | 0 | |a hospodárstvo svetové |
| 610 | 2 | 0 | |a migrácia |
| 610 | 2 | 0 | |a vzťahy medzinárodné |
| 610 | 2 | 0 | |a cykly hospodárske |
| 610 | 2 | 0 | |a modely |
| 100 | 1 | |a Kalenda, Jan | |